000 00892nam a22002055i 4500
001 54825
003 ES-MaACL
005 20230906163028.0
007 t|
008 960730s1839 sp ||||1| spa d
040 _aCAM
_bspa
_cCAM
100 1 _aGalavotti, Guillermo Luis.
_953335
245 1 0 _aArte de hablar y escribir en francés correctamente ó Nueva y completa gramática francesa ... /
_ccompuesta por Guillermo Luis Galavotti ...
260 _aBarcelon :
_b[s.n.],
_c1839 (
_fimprenta de Brusi)
300 _a[6], II, 408 p. ;
_c23 cm.
505 8 _aContiene además con portadilla propia: Suplemento que contiene una nomenclatura muy amplia de las frases más precisas para romper en una conversación y un tratado de la propiedad de las voces
650 1 4 _aLengua francesa-
_xGramática.
_914220
740 0 _aNueva y completa gramática francesa.
852 _aES-MaACL
_jC-2825
999 _c54825
_d54825